000 00303nam a22001337a 4500
008 180316b xxu||||| |||| 00| 0 eng d
020 _a9780632043798
041 _aeng
080 _a573
100 _a11
101 _aBIO
245 _aIntroduction to Molecular Biology
_cRaineri, D
942 _2udc
_cBK
999 _c45248
_d45248